Светът е оцелял, защото се е смял [Изобразителен материал] (Запис номер 389051)
[ съкратено ]
| 000 -Лидер | |
|---|---|
| Контролно поле с фиксирана дължина | nkm a22 a 4500 |
| 003 - Код на организацията, давaща контролен номер | |
| Контролно поле | BLK |
| 005 - Дата и час на последна редакция | |
| Контролно поле | 20200928151440.0 |
| 008 - Елементи от данни с фиксирана дължина | |
| fixed length control field | 200717b bu ||||| |||| 00| 0 bu d |
| 040 ## - Източник на каталожния запис | |
| Идентификатор на билиотеката - собственик на записа | BLK |
| 041 ## - Код за език | |
| Код за езика на текст/звукозапис или на отделно заглавие | Български |
| -- | Английски |
| -- | Руски |
| -- | Немски |
| Код за езика КДБФ | Български |
| 080 ## - УДК | |
| Текстов определител УДК | Карикатура. Комикс |
| УДК код - определител по УДК | 741.5 |
| УДК - код + определител | 741.5(497.2)(084) |
| 080 ## - УДК | |
| Текстов определител УДК | Изобразителни изкуства и художествени занаяти |
| УДК код - определител по УДК | 73/76 |
| УДК - код + определител | 73/76(497.2)(084) |
| 111 ## - Редна дума - Наименование на мероприятие, временен колективен автор, като основен търсещ признак (конференция, симпозиум и др.) | |
| 9 (RLIN) | 434482 |
| Наименование на мероприятието или административната единица, като елемент от редна дума | Международно биенале на хумора и сатирата в изкуствата 6 |
| Място на провеждане на мероприятието | Габрово |
| Дата на конференцията, семинара и др. | 1983 |
| 139 ## - Редно поле | |
| Редна дума | Светът е оцелял, защото се е смял |
| 245 ## - Сведения за заглавието | |
| Заглавие | Светът е оцелял, защото се е смял [Изобразителен материал] |
| Подзаглавни данни | [Шесто] VІ международно биенале на хумора и сатирата в изкуствата, Габрово`1983 |
| Редно поле (дума) | Състав., ред. Веселин Василев и др.; встъп. думи Стефан Илиев Фъртунов; транскр. Божидар Стойков; прев. на рус. Венета Георгиева-Козарева; прев. на англ. Божидар Стойков; прев. на нем. Анелия Цанкова-Фъртунова; снимки Петко Петков и др. |
| 246 ## - Различни форми на заглавието | |
| Паралелно заглавие | Laughter has enabled the world to survive |
| Подзаглавни данни | Sixth international biennial of humour and satire in the arts, Gabrovo`83 |
| 257 ## - Страна на издаване | |
| Страна на създаване/издаване | България |
| 260 ## - Област на издателските данни | |
| 9 (RLIN) | 216512 |
| Място на издаване, разпространение и проч. | София |
| Име на издателя, разпространителя и проч. | Бълг. художник |
| Година на издаване | 1983 |
| Издателство - префикс ISBN | 954-406- |
| Печатница | София : Офсетграфик |
| 300 ## - Физическа характеристика | |
| Страници | 396 с. |
| Размери/Мащаб | 20Х22 см |
| Илюстрации и др. | с ил., фотогр. |
| 380 ## - Жанр | |
| Жанр | Изкуство |
| 500 ## - Общи забележки | |
| Забележка | Др. състав, ред., посочени в изд. поле Даниела Колева, Петко Андреев, Стефан Фъртунов, Тихомир Русинов; Др. фотогр. Васил Ковачев. - 2 500 тир. |
| 650 #7 - Допълнително описание по предмет – тема | |
| 9 (RLIN) | 153650 |
| Основно описание – тема или топоним | Дом на хумора и сатирата Габрово |
| 653 #0 - Ключова дума – ненормативна | |
| 9 (RLIN) | 434497 |
| Ключова дума | Международно биенале на хумора и сатирата в изкуствата |
| 700 ## - Други автори (авторска отговорност) | |
| 9 (RLIN) | 1529 |
| Лично име | Василев, Веселин |
| Автороска отговорност (Описва отношението между автора и произведението) | състав. и ред. |
| 700 ## - Други автори (авторска отговорност) | |
| 9 (RLIN) | 402394 |
| Лично име | Фъртунов, Стефан Илиев |
| Автороска отговорност (Описва отношението между автора и произведението) | встъп. думи |
| 700 ## - Други автори (авторска отговорност) | |
| 9 (RLIN) | 1604 |
| Лично име | Стойков, Божидар |
| Автороска отговорност (Описва отношението между автора и произведението) | транскр. |
| 700 ## - Други автори (авторска отговорност) | |
| 9 (RLIN) | 1007 |
| Лично име | Георгиева-Козарева, Венета |
| Автороска отговорност (Описва отношението между автора и произведението) | прев. на рус. |
| 700 ## - Други автори (авторска отговорност) | |
| 9 (RLIN) | 988 |
| Лично име | Стойков, Божидар Христов |
| Автороска отговорност (Описва отношението между автора и произведението) | прев. на англ. |
| 700 ## - Други автори (авторска отговорност) | |
| 9 (RLIN) | 999 |
| Лично име | Цанкова-Фъртунова, Анелия |
| Автороска отговорност (Описва отношението между автора и произведението) | прев. на нем. |
| 700 ## - Други автори (авторска отговорност) | |
| 9 (RLIN) | 402375 |
| Лично име | Петков, Петко |
| Автороска отговорност (Описва отношението между автора и произведението) | снимки |
| 852 ## - Местоположение | |
| Фондова буква | Хранилище |
| Форматна сигнатура | Цб 301672 |
| 999 ## - СИСТЕМНИ КОНТРОЛНИ НОМЕРА | |
| Koha biblionumber | 389051 |
| Koha biblioitemnumber | 389051 |
| 942 ## - АРТИКУЛИ | |
| Вид на библиотечния материал | Графични издания |
| Скрит в OPAC | Не |
| Периодичен библиозапис | Да |
| 944 ## - СЪЗДАВАНЕ И РЕДАКЦИЯ на ЗАПИСА | |
| Създаване/Редакция | Създаване |
| Дата на регистрацията/редакция | 2020-09-28 |
| Служител, извършил регистрацията/редакцията | С.Т. |
| 999 ## - СИСТЕМНИ КОНТРОЛНИ НОМЕРА | |
| Koha biblioitemnumber | 389018 |
| 999 ## - СИСТЕМНИ КОНТРОЛНИ НОМЕРА | |
| Koha biblioitemnumber | 389000 |
| 999 ## - СИСТЕМНИ КОНТРОЛНИ НОМЕРА | |
| Koha biblioitemnumber | 389000 |
| 999 ## - СИСТЕМНИ КОНТРОЛНИ НОМЕРА | |
| Koha biblioitemnumber | 388984 |
| 999 ## - СИСТЕМНИ КОНТРОЛНИ НОМЕРА | |
| Koha biblioitemnumber | 388976 |
| 999 ## - СИСТЕМНИ КОНТРОЛНИ НОМЕРА | |
| Koha biblioitemnumber | 388976 |
| 999 ## - СИСТЕМНИ КОНТРОЛНИ НОМЕРА | |
| Koha biblioitemnumber | 388393 |
| 999 ## - СИСТЕМНИ КОНТРОЛНИ НОМЕРА | |
| Koha biblioitemnumber | 388382 |
| Код за отписване | Код за изгубен артикул | Източник на класификационната схема | Код за повреда | Коз за рестрикции | Код за отдаване | Артикулен № | Име на библиотеката - собственик | Име на библиотеката, в която се намира в момента | Статус (Текущо местоположение) | Дата на вписване в системата | Местоположение - отдел | Цена в лева | Инвентарен номер | Систематично азбучна сигнатура | Баркод | Цена в евро | Служебен тип на артикула |
|---|---|---|---|---|---|---|---|---|---|---|---|---|---|---|---|---|---|
| Не е изгубен | Universal Decimal Classification | Не е повреден | само за читалня | ползва се в читалня | 801550 | Регионална библиотека "Любен Каравелов" Русе | Регионална библиотека "Любен Каравелов" Русе | Хранилище | 2020-09-30 | Хранилище | 0.00 | 378148 | Цб 301672 | 120000378148 | 0.00 | Графични издания |